Last Pictures of American Presidents - Statistics

General Stats
  • This quiz has been taken 121 times
  • The average score is 24 of 39
Answer Stats
Picture Answer % Correct
John F. Kennedy
94%
Abraham Lincoln
93%
George Washington
90%
Franklin D. Roosevelt
89%
Theodore Roosevelt
88%
Gerald Ford
86%
George H. W.Bush
82%
Ronald Reagan
81%
Dwight D. Eisenhower
79%
John Adams
73%
Richard Nixon
71%
Woodrow Wilson
70%
Harry S. Truman
65%
Martin Van Buren
64%
Calvin Coolidge
63%
Lyndon B. Johnson
63%
John Tyler
61%
Thomas Jefferson
60%
William Henry Harrison
58%
William Howard Taft
57%
Chester A. Arthur
54%
Herbert Hoover
54%
James A. Garfield
54%
James Buchanan
54%
James Monroe
54%
John Quincy Adams
54%
Andrew Johnson
52%
Zachary Taylor
51%
Andrew Jackson
50%
Franklin Pierce
50%
Ulysses S. Grant
50%
Millard Fillmore
48%
James K. Polk
45%
Benjamin Harrison
42%
Grover Cleveland
42%
William McKinley
42%
Rutherford B. Hayes
39%
Warren G. Harding
39%
James Madison
37%
No matching quizzes found
Score Distribution
Percent of People with Each Score
Percentile by Number Answered
Your Score History
You have not taken this quiz